000 00617nam a2200193 a 4500
001 000042593
003 DO-SdBNP
005 20230606114936.0
007 ta
008 140130s1985 000 spa d
040 _aDO-SdBNP
_bspa
_cBNPHU
111 _aXIII Feria Nacional del Libros. Dr. Vetilio Alfau Durán
_c(del 6 al 13 de julio, 1985, Plaza de la Cultura Juan Pablo Duarte)
_983512
245 1 0 _aXIII Feria Nacional del Libro Dr. Vetilio Alfau Durán
260 _aSanto Domingo :
_bUASD,
_c1985.
300 _a54 p. : ;
_c21 cm.
590 _aInventariado, 2023 / DG
910 _aDG
942 _2ddc
_cLBS1
999 _c42082
_d42082